[Event "Cannes Open A"]
[Site "Cannes France"]
[EventDate "2007.02.18"]
[Date "2007.02.18"]
[Round "1"]
[White "SAATDJIAN, Thomas"]
[WhiteTitle "-"]
[WhiteElo "2187"]
[Black "ZELCIC, Robert"]
[BlackTitle "GM"]
[BlackElo "2557"]
[Result "1-0"]
[Source "MonRoi"]

1. Nf3 Nf6 2. c4 e6 3. g3 a6 4. Bg2 b5 5. Ne5 c6 6. b3 Qc7 7. d4 Bb4 8. Bd2 Be7 9. Nc3 d6 10. Nd3 bxc4 11. bxc4 e5 12. d5 O-O 13. Rc1 Bb7 14. O-O Nbd7 15. dxc6 Bxc6 16. Nd5 Bxd5 17. cxd5 Qb7 18. Nb4 Bd8 19. Nc6 Bb6 20. Bb4 Bc5 21. Bxc5 Nxc5 22. Nxe5 Rfe8 23. Nc6 Qb5 24. e3 Nce4 25. Qd4 Qxd5 26. Qxd5 Nxd5 27. Bxe4 Rxe4 28. Rfd1 Nf6 29. Rxd6 Ra4 30. Rc2 h5 31. Kg2 Kh7 32. Rd4 Ra3 33. Ne5 Ra7 34. Nc4 Ra4 35. Nb6 Ra5 36. a4 Re5 37. Rc6 Re8 38. Nc8 Ra8 39. Nd6 Re7 40. h3 Rb8 41. Rxa6 Rb2 42. e4 Rc7 43. e5 Rcc2 44. Rf4 Nd5 45. Rxf7 Ne3 46. Kf3 Nd1 47. Kf4 Kg6 48. Rd7 Rxf2 49. Ke4 Rbe2 50. Kd4 Rd2 51. Kc5 Rc2 52. Nc4  1-0

[Event "Cannes Open A"]
[Site "Cannes France"]
[EventDate "2007.02.18"]
[Date "2007.02.18"]
[Round "1"]
[White "VERNAY, Clovis"]
[WhiteTitle "FM"]
[WhiteElo "2341"]
[Black "ARSENAULT, Nicolas"]
[BlackTitle "-"]
[BlackElo "2112"]
[Result "1-0"]
[Source "MonRoi"]

1. d4 Nf6 2. c4 e6 3. Nc3 Bb4 4. Qc2 O-O 5. a3 Bxc3 6. Qxc3 Ne4 7. Qc2 f5 8. e3 b6 9. g3 Bb7 10. Bg2 c5 11. dxc5 bxc5 12. Ne2 Nc6 13. O-O Rb8 14. Nc3 Nxc3 15. Qxc3 Qf6 16. Bd2 Ne5 17. f3 d6 18. h3 Qg6 19. Be1 Qh5 20. g4 fxg4 21. hxg4 Nxg4 22. fxg4 Qxg4 23. Rxf8 Rxf8 24. e4 Bxe4 25. Qg3 Rf4 26. Bh3 Qxg3 27. Bxg3 Rf6 28. Bxd6 Rg6 29. Kf2  1-0

[Event "Cannes Open A"]
[Site "Cannes France"]
[EventDate "2007.02.18"]
[Date "2007.02.19"]
[Round "2"]
[White "FIERRO BAQUERO, Martha"]
[WhiteTitle "IM"]
[WhiteElo "2339"]
[Black "PALAC, Mladen"]
[BlackTitle "GM"]
[BlackElo "2571"]
[Result "0-1"]
[Source "MonRoi"]

1. e4 c5 2. Nf3 Nc6 3. d4 cxd4 4. Nxd4 Nf6 5. Nc3 d6 6. Bc4 Qb6 7. Nb3 e6 8. Bf4 Ne5 9. Be2 Bd7 10. Be3 Qc7 11. f4 Ng6 12. Qd3 a6 13. g4 Bc6 14. Nd4 e5 15. Nxc6 exf4 16. Nb4 Ne5 17. Qd4 fxe3 18. Nbd5 Nxd5 19. Qa4 Qc6 20. Bb5 Nf3 21. Kf1 axb5 22. Qxa8 Kd7 23. exd5 Qc4 24. Kg2 Qxg4 25. Kf1 Nd4 26. Qxb7 Ke8 27. Qb8 Ke7 28. Qc7 Kf6  0-1

[Event "Cannes Open A"]
[Site "Cannes France"]
[EventDate "2007.02.18"]
[Date "2007.02.19"]
[Round "2"]
[White "CORNETTE, Matthieu"]
[WhiteTitle "IM"]
[WhiteElo "2482"]
[Black "CLERY, Nicolas"]
[BlackTitle "FM"]
[BlackElo "2324"]
[Result "1-0"]
[Source "MonRoi"]

1. e4 e6 2. d4 d5 3. e5 c5 4. c3 Nc6 5. Nf3 Bd7 6. Bd3 Rc8 7. dxc5 Bxc5 8. O-O a5 9. Re1 Nge7 10. h4 Qb6 11. Qe2 f6 12. exf6 gxf6 13. Bh6 e5 14. Nbd2 Rg8 15. c4 Nb4 16. Bb1 Bh3 17. Bg5 Bg4 18. a3 Nbc6 19. Bxf6 Nd4 20. Qxe5 Nxf3 21. gxf3 Bh3 22. Bg5 h6 23. Bh7 Rg6 24. Bxg6 Qxg6 25. Qf6 Qxf6 26. Bxf6 Kf7 27. Bxe7 Bxe7 28. cxd5 Bxh4 29. Kh2 Bf5 30. Ne4 Be7 31. Rac1  1-0

[Event "Cannes Open A"]
[Site "Cannes France"]
[EventDate "2007.02.18"]
[Date "2007.02.19"]
[Round "2"]
[White "FARGERE, Francois"]
[WhiteTitle "FM"]
[WhiteElo "2330"]
[Black "SANCHEZ, Joseph"]
[BlackTitle "IM"]
[BlackElo "2482"]
[Result "0-1"]
[Source "MonRoi"]

1. e4 c5 2. Nf3 Nc6 3. Bb5 Nf6 4. Nc3 Qc7 5. O-O Nd4 6. Nxd4 cxd4 7. Nd5 Nxd5 8. exd5 Qc5 9. c4 a6 10. b4 Qxb4 11. Ba4 Qxc4 12. Bb3 Qd3 13. Ba3 e6 14. d6 g6 15. Rc1 Bg7 16. Rc7 O-O 17. Qc1 Qf5 18. Rc5 Qf6 19. Rc7 Rb8 20. Bd1 b5 21. Bf3 b4 22. Bxb4 Rxb4 23. Rxc8 Qe5 24. Qc7 Rxc8 25. Qxc8 Bf8 26. Qxa6 Bxd6 27. g3 Rb2 28. d3 Bb4 29. a3 Bc3 30. Qc8 Kg7 31. Qxd7 h5 32. a4 h4 33. Kg2 Qe3 34. Be4 hxg3 35. hxg3 Be1 36. Rxe1 Qxf2 37. Kh3 Qh2 38. Kg4 Qh5 39. Kf4 e5  0-1

[Event "Cannes Open A"]
[Site "Cannes France"]
[EventDate "2007.02.18"]
[Date "2007.02.19"]
[Round "2"]
[White "DEBRAY, Christopher"]
[WhiteTitle "-"]
[WhiteElo "2278"]
[Black "WOHL, Aleksandar"]
[BlackTitle "-"]
[BlackElo "2425"]
[Result "1/2-1/2"]
[Source "MonRoi"]

1. e4 Nf6 2. e5 Nd5 3. d4 d6 4. c4 Nb6 5. exd6 exd6 6. Nc3 Nc6 7. Be3 Be7 8. Bd3 O-O 9. Nge2 Nb4 10. b3 d5 11. c5 Nd7 12. Bb1 c6 13. a3 Na6 14. Ng3 Nc7 15. Nf5 Bf6 16. Qd3 g6 17. Nd6 Ne6 18. O-O Bg7 19. b4 f5 20. f3 Nf6 21. Ba2 Qc7 22. Ne2 Nh5 23. g4 fxg4 24. fxg4 Nf6 25. h3 Bd7 26. Nf4 Ng5 27. Kg2 Nf7 28. g5 Ne8 29. Nxf7 Rxf7 30. Nxd5 cxd5 31. Rxf7 Bxh3 32. Kxh3 Qxf7 33. Rf1 Qd7 34. Kh2 Nc7 35. Bf4 Ne6 36. Qh3 Re8 37. Bd6 Qb5 38. Bxd5 Qe2 39. Kh1 Kh8 40. Bf3 Qd3 41. Re1 Bxd4 42. Bg2 Qd2 43. Qg3 Bf2 44. Qe5 Ng7 45. Qxe8 Nxe8 46. Rxe8 Kg7 47. Re7 Kg8 48. Re8 Kf7  1/2-1/2

[Event "Cannes Open A"]
[Site "Cannes France"]
[EventDate "2007.02.18"]
[Date "2007.02.19"]
[Round "2"]
[White "FOISOR, Ovidiu Doru"]
[WhiteTitle "IM"]
[WhiteElo "2418"]
[Black "DUBREUIL, Julien"]
[BlackTitle "-"]
[BlackElo "2278"]
[Result "1/2-1/2"]
[Source "MonRoi"]

1. d4 Nf6 2. c4 c5 3. d5 b5 4. cxb5 a6 5. bxa6 Bxa6 6. g3 d6 7. Bg2 g6 8. b3 Nbd7 9. Bb2 Bg7 10. h4 O-O 11. Nh3 Rb8 12. Bc3 Ne5 13. Nf4 Nfg4 14. Qc2 Bh6 15. Nd2 Qb6 16. O-O Bb5 17. Nd3 Qa6 18. Bxe5 Bxd3 19. exd3 Nxe5 20. Nc4 Bg7 21. Rae1 Rb7 22. f4 Ng4 23. Bf3 Bd4 24. Kg2 Nf6 25. g4 Ra8 26. Re2 Rba7 27. a4 Qc8 28. g5 Nh5 29. Re4 Rb8 30. f5 Ng7 31. f6 exf6 32. Nxd6 Qd7 33. Nb5 fxg5 34. hxg5 Rxb5 35. axb5 Qxb5 36. Bg4 Qb7 37. d6 Qd5 38. d7 Rxd7 39. Bxd7 Qxd7 40. Qe2 Qd5 41. Qg4 Nf5 42. Kh3 Qxb3 43. Rxf5 gxf5 44. Re8 Kg7 45. Qxf5 Qb7 46. Qe4 Qb1 47. Qf3 Qb3 48. Re7 Qa2 49. Kg4 Qb3 50. Kh3 Kf8 51. Re4 Kg8 52. Re8 Kg7  1/2-1/2

[Event "Cannes Open A"]
[Site "Cannes France"]
[EventDate "2007.02.18"]
[Date "2007.02.19"]
[Round "2"]
[White "WEILL, Roland"]
[WhiteTitle "FM"]
[WhiteElo "2261"]
[Black "MOGRANZINI, Roberto"]
[BlackTitle "FM"]
[BlackElo "2401"]
[Result "0-1"]
[Source "MonRoi"]

1. Nf3 Nf6 2. g3 g6 3. Bg2 Bg7 4. O-O d5 5. c4 dxc4 6. Qa4 c6 7. Qxc4 Nbd7 8. d3 h6 9. Bd2 Nb6 10. Qc1 Be6 11. Nc3 Qc8 12. a4 a5 13. Be3 Nbd5 14. Nxd5 Bxd5 15. Bd4 O-O 16. Bxf6 exf6 17. Nd2 Bxg2 18. Kxg2 Qd8 19. Nc4 Re8 20. Qf4 f5 21. Rfe1 b5 22. Ne3 Bxb2 23. Qxh6 Bxa1 24. Rxa1 Qf6 25. Rc1 bxa4 26. Rc4 a3 27. Ra4 Qb2 28. Nc4 Qb5 29. Nb6 Rad8 30. Rh4 Qe5 31. Nc4 Qg7 32. Qd2 Rd4 33. Rxd4 Qxd4 34. Nxa3 Qd5 35. Kh3 Qc5  0-1

[Event "Cannes Open A"]
[Site "Cannes France"]
[EventDate "2007.02.18"]
[Date "2007.02.19"]
[Round "2"]
[White "FOISOR, Cristina Adela"]
[WhiteTitle "IM"]
[WhiteElo "2399"]
[Black "STRUK, Jerzy"]
[BlackTitle "-"]
[BlackElo "2260"]
[Result "1-0"]
[Source "MonRoi"]

1. Nf3 d5 2. g3 Nf6 3. Bg2 e6 4. O-O Be7 5. d4 O-O 6. c4 dxc4 7. Qc2 a6 8. a4 Bd7 9. Qxc4 Bc6 10. Bg5 Bd5 11. Qd3 Be4 12. Qe3 Bc6 13. Bxf6 Bxf6 14. Nbd2 a5 15. Qc3 Bxf3 16. Nxf3 Nd7 17. Qb3 Rb8 18. Rfd1 c6 19. Rac1 Qb6 20. Qxb6 Nxb6 21. b3 Rfd8 22. h4 h6 23. e3 Kf8 24. Kf1 Be7 25. Ne5 Nd5 26. Bxd5 exd5 27. h5 Bd6 28. Nd3 Ke7 29. Ke2 Kd7 30. g4 Re8 31. Rc2 Re7 32. Rg1 Rbe8 33. Kd2 Rg8 34. Rcc1 f6 35. Ke2 Bh2 36. Rg2 Bd6 37. Ne1 b6 38. Nf3 c5 39. Rgg1 Ke6 40. Nh4 Rc7 41. Nf5 Rgc8 42. Rgd1 Bf8 43. Rb1 Rd7 44. Rb2 Rcd8 45. Rc2 Kf7 46. Rdc1 Ke6 47. Kd3 Kf7 48. Ng3 Rc8 49. Ne2 Rdc7 50. Nf4 Rd7 51. Ke2 Re8 52. Rd1 Red8 53. Rcd2 c4 54. bxc4 dxc4 55. Rc2 Bd6 56. Nd5 Rb7 57. Rb1 Bc5 58. dxc5 Rxd5 59. Rxc4 Rc7 60. c6 Ke6 61. Rxb6 Kd6 62. f4 Rc5 63. Rxc5 Kxc5 64. Rb5 Kxc6 65. Rxa5 Kb6 66. Rb5 Kc6 67. Rb4 Kd5 68. a5 Ra7 69. Ra4 Ra6 70. Kf3 Kc5 71. Ra1 Kd5 72. e4 Ke6 73. Ke3 Kd6 74. Kd4 Kc6 75. e5 fxe5 76. fxe5 Kd7 77. Kc5 Re6 78. a6 Rxe5 79. Kb6 Kc8 80. Rc1  1-0

[Event "Cannes Open A"]
[Site "Cannes France"]
[EventDate "2007.02.18"]
[Date "2007.02.19"]
[Round "2"]
[White "HRZICA, Rok"]
[WhiteTitle "-"]
[WhiteElo "2257"]
[Black "ARMAS, Julius"]
[BlackTitle "IM"]
[BlackElo "2397"]
[Result "1-0"]
[Source "MonRoi"]

1. e4 c5 2. d4 cxd4 3. c3 d3 4. c4 Nc6 5. Bxd3 g6 6. Nf3 Bg7 7. O-O d6 8. h3 Be6 9. Ng5 Rc8 10. Na3 Nf6 11. Be3 O-O 12. Nb5 Nd7 13. f4 Nb6 14. Nxe6 fxe6 15. Rb1 a6 16. Na3 Nd4 17. b3 Nd7 18. Nc2 Nxc2 19. Bxc2 Bh6 20. g4 e5 21. g5 exf4 22. Bxf4 Qb6 23. Kg2 Bg7 24. Qd5 Kh8 25. Qe6 Ne5 26. Bxe5 Bxe5 27. Qxe7 Rfe8 28. Qd7 Qe3 29. Qg4 b5 30. Rbe1 Qd4 31. Re2 bxc4 32. bxc4 Rxc4 33. Bb3 Rc3 34. Ref2 h5 35. Rf8 Rxf8 36. Rxf8 Kh7 37. Qd7 Bg7 38. Rh8  1-0

[Event "Cannes Open A"]
[Site "Cannes France"]
[EventDate "2007.02.18"]
[Date "2007.02.19"]
[Round "2"]
[White "HESS, Robert"]
[WhiteTitle "FM"]
[WhiteElo "2394"]
[Black "PEREZ, Flavio"]
[BlackTitle "-"]
[BlackElo "2244"]
[Result "1-0"]
[Source "MonRoi"]

1. e4 c5 2. Nc3 Nc6 3. Bb5 Nd4 4. Bc4 g6 5. Nf3 Bg7 6. Nxd4 cxd4 7. Qf3 e6 8. Nb5 d6 9. Qg3 Ke7 10. c3 Nf6 11. d3 dxc3 12. Nxc3 d5 13. Bb3 d4 14. Ne2 h6 15. Bd2 Qb6 16. Rc1 Rd8 17. O-O a5 18. Rc4 Nh5 19. Qf3 e5 20. Rxc8 Rdxc8 21. Qxf7 Kd8 22. Ba4 Rc6 23. Qg8 Ke7  1-0

[Event "Cannes Open A"]
[Site "Cannes France"]
[EventDate "2007.02.18"]
[Date "2007.02.19"]
[Round "2"]
[White "HELL, Pascal"]
[WhiteTitle "-"]
[WhiteElo "2227"]
[Black "HOMMELES, Theo"]
[BlackTitle "FM"]
[BlackElo "2375"]
[Result "0-1"]
[Source "MonRoi"]

1. e4 c5 2. Nf3 Nc6 3. d4 cxd4 4. Nxd4 Nf6 5. Nc3 d6 6. Bc4 Qb6 7. Nxc6 bxc6 8. O-O g6 9. Qd3 Bg7 10. a4 O-O 11. a5 Qc7 12. h3 Rb8 13. Re1 Rd8 14. Qe2 d5 15. exd5 cxd5 16. Bb3 e6 17. Bg5 h6 18. Bh4 Rb4 19. Bg3 Qc6 20. Qd2 Qc5 21. Be5 Nd7 22. Bxg7 Kxg7 23. Ra4 Ba6 24. Rea1 Rdb8 25. Ne2 Nf6 26. Rxb4 Rxb4 27. Ng3 h5 28. Ra4 Rxa4 29. Bxa4 h4 30. Ne2 Bxe2 31. Qxe2 Qxa5 32. b3 Qc3 33. Bb5 a5 34. Bd3 Nd7 35. f4 Qd4 36. Qf2 Qxf2 37. Kxf2 Kf6 38. Ke3 e5 39. fxe5 Kxe5 40. Bb5 Nf6 41. c3 Ne4 42. Kd3 Nc5 43. Kc2 Ne6 44. Be8 Nf4 45. Bxf7 g5 46. b4 axb4 47. cxb4 Nxg2 48. Be8 g4 49. b5 gxh3 50. b6 Kd6  0-1

[Event "Cannes Open A"]
[Site "Cannes France"]
[EventDate "2007.02.18"]
[Date "2007.02.19"]
[Round "2"]
[White "RAVOT, Sylvain"]
[WhiteTitle "-"]
[WhiteElo "2218"]
[Black "OLIVIER, Jean Christophe"]
[BlackTitle "IM"]
[BlackElo "2365"]
[Result "1-0"]
[Source "MonRoi"]

1. e4 e5 2. Nf3 Nc6 3. Bc4 Bc5 4. c3 Nf6 5. d4 exd4 6. O-O Nxe4 7. cxd4 d5 8. dxc5 dxc4 9. Qe2 Qd3 10. Re1 f5 11. Nc3 O-O 12. Nxe4 fxe4 13. Qxe4 Bf5 14. Qh4 Qd5 15. Be3 Rad8 16. Rac1 Be4 17. Ng5 Bd3 18. Bf4 Rde8 19. Bxc7 h6 20. Nf3 Qxc5 21. Qg3 Qd5 22. Bf4 Kh7 23. Bd2 b5 24. Bc3 Qf7 25. Ne5 Nxe5 26. Bxe5 Re6 27. Qe3 Rxe5 28. Qxe5 Qxf2 29. Kh1 Rf5 30. Qc7 Qxb2  1-0

[Event "Cannes Open A"]
[Site "Cannes France"]
[EventDate "2007.02.18"]
[Date "2007.02.19"]
[Round "2"]
[White "NEIMAN, Emmanuel"]
[WhiteTitle "FM"]
[WhiteElo "2358"]
[Black "PEPINO, Enrico"]
[BlackTitle "-"]
[BlackElo "2189"]
[Result "1-0"]
[Source "MonRoi"]

1. d4 Nf6 2. c4 g6 3. Nc3 Bg7 4. Bg5 O-O 5. e3 d6 6. Nf3 Nbd7 7. Be2 c6 8. O-O Qe8 9. b4 e5 10. dxe5 dxe5 11. Nd2 a5 12. a3 e4 13. Rc1 Qe6 14. Qc2 Re8 15. Rfd1 h6 16. Bh4 g5 17. Bg3 Nf8 18. Nb3 axb4 19. axb4 Qf5 20. c5 Qg6 21. Na5 h5 22. Bd6 g4 23. Bc4 h4 24. Rd4 Rxa5 25. bxa5 Bf5 26. Ne2 N8h7 27. Nf4 Qg5 28. Bxf7 Kxf7 29. Qb3 Nd5 30. Rxd5 cxd5 31. Qxd5 Be6 32. Qxb7 Kg8 33. Nxe6 Rxe6 34. Qc8 Kf7 35. Qd7 Kf6 36. Qd8 Kg6 37. Qxg5 Nxg5 38. a6 Re8 39. a7 Ra8 40. Bb8 Nf7 41. c6  1-0

[Event "Cannes Open A"]
[Site "Cannes France"]
[EventDate "2007.02.18"]
[Date "2007.02.19"]
[Round "2"]
[White "SAATDJIAN, Thomas"]
[WhiteTitle "-"]
[WhiteElo "2187"]
[Black "MIDOUX, Sebastien"]
[BlackTitle "-"]
[BlackElo "2358"]
[Result "1/2-1/2"]
[Source "MonRoi"]

1. Nf3 Nf6 2. c4 e6 3. g3 d5 4. d4 Be7 5. Bg2 O-O 6. O-O c5 7. cxd5 exd5 8. Nc3 Nc6 9. Bg5 cxd4 10. Nxd4 h6 11. Bf4 Bg4 12. h3 Be6 13. Rc1 Rc8 14. Nxe6 fxe6 15. e4 d4 16. e5 dxc3 17. exf6 Bxf6 18. bxc3 Qxd1  1/2-1/2

[Event "Cannes Open A"]
[Site "Cannes France"]
[EventDate "2007.02.18"]
[Date "2007.02.19"]
[Round "2"]
[White "FOISOR, Sabina Francesca"]
[WhiteTitle "WIM"]
[WhiteElo "2342"]
[Black "ARDUIN, Antoine"]
[BlackTitle "-"]
[BlackElo "1876"]
[Result "1-0"]
[Source "MonRoi"]

1. d4 Nf6 2. c4 g6 3. Nc3 Bg7 4. e4 O-O 5. Be3 d6 6. f3 e5 7. d5 Nh5 8. Qd2 f5 9. O-O-O f4 10. Bf2 a5 11. Kb1 b6 12. Nge2 Nd7 13. Nc1 Nc5 14. b3 g5 15. h3 Nf6 16. a3 Bd7 17. b4 axb4 18. axb4 Nb7 19. Nb3 Qb8 20. Kb2 Rd8 21. Bd3 h5 22. Ra1 Rxa1 23. Nxa1 Kf7 24. Nc2 g4 25. Na3 Rg8 26. hxg4 hxg4 27. Nab5 g3 28. Be1 Ne8 29. Qd1 Rh8 30. Rxh8 Bxh8 31. Qa4 Bc8 32. Na7 Nd8 33. Bd2 Nf6 34. Ncb5 Bd7 35. Bc3 Ke7 36. c5 Bxb5 37. cxd6 cxd6 38. Bxb5 Bg7 39. Qa6 Nxe4 40. fxe4 f3 41. Bf1 f2 42. Nc8 Kf8 43. Nxb6 Qc7 44. Nc4 Nf7 45. Qc6 Qe7 46. b5 Qh4 47. Nxd6 Nxd6 48. Qxd6 Kg8 49. Qe6 Kh7 50. Bd2  1-0

[Event "Cannes Open A"]
[Site "Cannes France"]
[EventDate "2007.02.18"]
[Date "2007.02.19"]
[Round "2"]
[White "WAGNER, Steven"]
[WhiteTitle "-"]
[WhiteElo "2083"]
[Black "VERNAY, Clovis"]
[BlackTitle "FM"]
[BlackElo "2341"]
[Result "1/2-1/2"]
[Source "MonRoi"]

1. e4 e6 2. d4 d5 3. Nd2 dxe4 4. Nxe4 Nd7 5. Nf3 Ngf6 6. Nxf6 Nxf6 7. c3 c5 8. Be3 Qb6 9. Qe2 a6 10. O-O-O Be7 11. dxc5 Bxc5 12. Bxc5 Qxc5 13. Qe5 Qxe5 14. Nxe5 b5 15. Be2 Bb7 16. Bf3 Bxf3 17. Nxf3 Ke7 18. Nd4 Rhc8 19. Kb1 g6 20. f3 Rab8 21. Rc1 Nd5 22. g3 Kf8 23. Rhe1 Rb6 24. Re2 Kg7 25. f4 Rd6 26. Rec2 h5 27. b3 h4 28. Kb2 Rcd8 29. Rd2 Nf6 30. Rcd1 Ne4 31. Re2  1/2-1/2

[Event "Cannes Open A"]
[Site "Cannes France"]
[EventDate "2007.02.18"]
[Date "2007.02.19"]
[Round "2"]
[White "BOSIOCIC, Marin"]
[WhiteTitle "IM"]
[WhiteElo "2474"]
[Black "FLEAR, Christine"]
[BlackTitle "WIM"]
[BlackElo "2160"]
[Result "1-0"]
[Source "MonRoi"]

1. e4 c5 2. Nf3 Nc6 3. Bb5 g6 4. O-O Bg7 5. c3 Nf6 6. Qe2 O-O 7. Rd1 d6 8. h3 Bd7 9. d4 cxd4 10. cxd4 a6 11. Bc4 b5 12. Bb3 Na5 13. Bc2 Rc8 14. Bd3 Qc7 15. Bf4 Rfe8 16. Bh2 Qb8 17. e5 Nd5 18. Be4 Bc6 19. Nbd2 f5 20. Bb1 Bh6 21. a3 Nb6 22. Ba2 Bd5 23. Bxd5 Nxd5 24. a4 Nc4 25. Nxc4 Rxc4 26. Re1 Rcc8 27. axb5 axb5 28. Qd3 dxe5 29. Nxe5 Qb7 30. Qb3 e6 31. Nd3 Bf8 32. Be5 Qb6 33. Rac1 Kf7 34. Qd1 Rc4 35. b3 Rcc8 36. Qd2 h6 37. Nc5 g5 38. Qe2 Kg6 39. Nd7 Qb7 40. Nxf8 Rxf8 41. Rc5 b4 42. Bd6 Rfe8 43. g4 Nf6 44. Qd3 Ne4 45. Rb5 Qa6 46. Rxe4 Qxd6 47. Rxe6 Rxe6 48. gxf5 Kf6 49. fxe6 Rc1 50. Kg2 Qxe6 51. Qf3 Kg6 52. Rxb4 Qa6 53. Rc4 Rxc4 54. Qd3+  1-0

[Event "Cannes Open A"]
[Site "Cannes France"]
[EventDate "2007.02.18"]
[Date "2007.02.19"]
[Round "2"]
[White "FELLER, Sebastien"]
[WhiteTitle "FM"]
[WhiteElo "2431"]
[Black "WOHLERS ARMAS, Friederike"]
[BlackTitle "WIM"]
[BlackElo "2125"]
[Result "1-0"]
[Source "MonRoi"]

1. c4 g6 2. d4 Bg7 3. e4 c5 4. d5 d6 5. Nf3 Nh6 6. Nc3 O-O 7. Bd3 f5 8. Bxh6 Bxh6 9. exf5 gxf5 10. O-O Kh8 11. Qc2 Qe8 12. Rfe1 Na6 13. Qe2 Rf7 14. Nh4 Bd7 15. a3 Bg5 16. Qh5 Bxh4 17. Qxh4 Rg7 18. Re3 Qf7 19. Rae1 Re8 20. Rg3 Reg8 21. Be2 Be8 22. Bf3 Nc7 23. Ne2 b5 24. Nf4 Rxg3 25. hxg3 Rg7 26. Nh5  1-0

[Event "Cannes Open A"]
[Site "Cannes France"]
[EventDate "2007.02.18"]
[Date "2007.02.19"]
[Round "2"]
[White "SARAVANAN, V"]
[WhiteTitle "IM"]
[WhiteElo "2374"]
[Black "ASTENGO, Corrado"]
[BlackTitle "-"]
[BlackElo "2085"]
[Result "1-0"]
[Source "MonRoi"]

1. e4 e6 2. d4 d5 3. Nc3 dxe4 4. Nxe4 Nd7 5. Bd3 Ngf6 6. Qe2 c5 7. Nxf6 Nxf6 8. dxc5 Bxc5 9. Nf3 O-O 10. Bg5 h6 11. Bh4 Qa5 12. c3 Nd5 13. Qe4 f5 14. Qc4 Bb6 15. Ne5 Ne3 16. fxe3 Qxe5 17. O-O-O Bxe3 18. Kb1 Qf4 19. Rhe1 Qxc4 20. Bxc4 f4 21. Be7 Re8 22. Bd6 b6 23. Be5 Rf8 24. Rd6 b5 25. Bxb5 Rb8 26. Bc4 Rb6 27. Red1 Rf5 28. Rd8 Kf7 29. Rxc8 Rxe5 30. Rd7 Kf6 31. Rf8 Kg6 32. Bd3 Kh5 33. Be2 Kg6 34. Bd3 Kh5 35. Rxg7 Rg5 36. Be2 Kh4 37. Rfg8 Rxg7 38. Rxg7 h5 39. g3 Kh3 40. Bxh5 Kxh2 41. gxf4 Bxf4 42. Rxa7 e5 43. Bf3 Kg3 44. Bd5 Kf2 45. Kc2 Ke3 46. Ra4  1-0

[Event "Cannes Open A"]
[Site "Cannes France"]
[EventDate "2007.02.18"]
[Date "2007.02.19"]
[Round "2"]
[White "MUFIC, Goran"]
[WhiteTitle "IM"]
[WhiteElo "2312"]
[Black "PARODI, Alessandro"]
[BlackTitle "-"]
[BlackElo "1893"]
[Result "1-0"]
[Source "MonRoi"]

1. e4 d6 2. d4 Nf6 3. Nd2 g6 4. Ngf3 Bg7 5. Be2 O-O 6. O-O c6 7. c3 Nbd7 8. a4 a5 9. Qc2 Nb6 10. Re1 Ne8 11. h3 f5 12. exf5 gxf5 13. Nf1 Kh8 14. Bd3 e6 15. Ng3 h6 16. Nh5 Qc7 17. Nf4 Qf7 18. Qe2 Nc7 19. c4 Bd7 20. c5 dxc5 21. Ne5 Qe8 22. dxc5 Nbd5 23. Nfg6 Kh7 24. Nxf8 Bxf8 25. Be3 Qe7 26. Qh5 Be8 27. Qf3 Nxe3 28. Rxe3 Nd5 29. Ree1 Qg5 30. Rac1 Bh5 31. Qg3 Qd2 32. Nc4 Qf4 33. Qxf4 Nxf4 34. Bf1 Bxc5 35. Re5 b6 36. g3 Rg8 37. Rxc5 bxc5 38. Nxa5 Be2 39. Rxc5 Bxf1 40. Kxf1 Nd3 41. Rc2 Ra8 42. Nxc6 Rxa4 43. Ke2 Nb4 44. Rc4  1-0

[Event "Cannes Open A"]
[Site "Cannes France"]
[EventDate "2007.02.18"]
[Date "2007.02.19"]
[Round "2"]
[White "SCHMITZ, Manuela"]
[WhiteTitle "WFM"]
[WhiteElo "2072"]
[Black "CORDARA, Michele"]
[BlackTitle "FM"]
[BlackElo "2169"]
[Result "0-1"]
[Source "MonRoi"]

1. d4 Nf6 2. c4 e6 3. Nf3 b6 4. e3 Bb7 5. Bd3 Be7 6. O-O Ne4 7. Nfd2 f5 8. Qh5 g6 9. Qe2 c5 10. f3 Nf6 11. Nc3 Nc6 12. Nb3 a5 13. Na4 d6 14. a3 Qc7 15. Bd2 e5 16. d5 Nd8 17. e4 f4 18. Kh1 h5 19. g3 g5 20. gxf4 gxf4 21. Rg1 Nf7 22. Rg7 h4 23. Rag1 Nh5 24. Rg8 Kd7 25. Rxa8 Bxa8 26. Rg2 Ng3 27. hxg3 hxg3 28. Kg1 Bb7 29. Be1 Ke8 30. Bxg3 fxg3 31. Rxg3 Bh4 32. Rg6 Ng5 33. Qg2 Qf7 34. Rxg5 Bxg5 35. Kf1 Qf4 36. Qg4 Rh1  0-1

[Event "Cannes Open A"]
[Site "Cannes France"]
[EventDate "2007.02.18"]
[Date "2007.02.19"]
[Round "2"]
[White "ZELCIC, Robert"]
[WhiteTitle "GM"]
[WhiteElo "2557"]
[Black "WUNDERMAN, Xavier"]
[BlackTitle "-"]
[BlackElo "2113"]
[Result "1-0"]
[Source "MonRoi"]

1. e4 c6 2. d4 d5 3. Nc3 dxe4 4. Nxe4 Nd7 5. Ng5 Ngf6 6. Bd3 e6 7. N1f3 Bd6 8. Qe2 h6 9. Ne4 Nxe4 10. Qxe4 Nf6 11. Qh4 Qa5 12. Bd2 Qh5 13. Qxh5 Nxh5 14. Ne5 Nf6 15. f4 Nd7 16. Nc4 Be7 17. O-O-O Nb6 18. Ne5 Nd7 19. Nf3 b6 20. Rhe1 O-O 21. Be4 Bb7 22. f5 Nf6 23. Bd3 Bc8  1-0

[Event "Cannes Open A"]
[Site "Cannes France"]
[EventDate "2007.02.18"]
[Date "2007.02.19"]
[Round "2"]
[White "ARSENAULT, Nicolas"]
[WhiteTitle "-"]
[WhiteElo "2112"]
[Black "DIMITROV, Christo"]
[BlackTitle "FM"]
[BlackElo "2299"]
[Result "1-0"]
[Source "MonRoi"]

1. e4 c5 2. Nf3 d6 3. d4 cxd4 4. Nxd4 Nf6 5. Nc3 a6 6. Be3 e5 7. Nb3 Be6 8. f3 Be7 9. Qd2 O-O 10. O-O-O Qc7 11. Kb1 Rc8 12. Rc1 Nbd7 13. Nd5 Bxd5 14. exd5 Nb6 15. c4 a5 16. Qf2 Na4 17. Bd3 b6 18. g4 Re8 19. Be4 Nc5 20. Nxc5 bxc5 21. h4 Kh8 22. h5 h6 23. Qd2 Nh7 24. Bxh7 Kxh7 25. g5 Bxg5 26. Bxg5 hxg5 27. Qxg5 Qe7 28. Qf5 Kh6 29. Rcg1 Qf6  1-0

[Event "Cannes Open A"]
[Site "Cannes France"]
[EventDate "2007.02.18"]
[Date "2007.02.19"]
[Round "2"]
[White "MULLER, Anne"]
[WhiteTitle "WIM"]
[WhiteElo "2188"]
[Black "TRITAR, Kamel"]
[BlackTitle "-"]
[BlackElo "2108"]
[Result "1-0"]
[Source "MonRoi"]

1. e4 d5 2. exd5 Nf6 3. Nf3 Nxd5 4. d4 Bg4 5. Be2 Nc6 6. c4 Nb6 7. d5 Bxf3 8. Bxf3 Ne5 9. Be2 Qd7 10. Qc2 c6 11. Qe4 Ng6 12. Nc3 Qd6 13. O-O Qe5 14. Qf3 cxd5 15. cxd5 O-O-O 16. Be3 e6 17. Rac1 Kb8 18. dxe6 Bd6 19. g3 h5 20. Qxf7 Nh4 21. Bf4 Qf5 22. Bxd6 Rxd6 23. gxh4 Qxe6 24. Qxe6 Rxe6 25. Rcd1 Rc8 26. Bd3 Rc5 27. Rfe1 Rce5 28. Rxe5 Rxe5 29. Kg2 a6 30. Kf3 Ra5 31. Rg1 Nd5 32. Rg5  1-0

[Event "Cannes Open A"]
[Site "Cannes France"]
[EventDate "2007.02.18"]
[Date "2007.02.19"]
[Round "2"]
[White "WAUTERS, Alain"]
[WhiteTitle "-"]
[WhiteElo "2177"]
[Black "ZERMICHE, Cherif"]
[BlackTitle "-"]
[BlackElo "2105"]
[Result "1/2-1/2"]
[Source "MonRoi"]

1. Nf3 Nf6 2. c4 c6 3. d4 d5 4. Nc3 dxc4 5. a4 Nd5 6. e4 Nxc3 7. bxc3 b5 8. axb5 cxb5 9. e5 e6 10. Ng5 Bb7 11. Qh5 g6 12. Qg4 Be7 13. h4 h5 14. Qf4 Bxg5 15. hxg5 Qd5 16. Rh4 a5 17. Rb1 Nc6 18. Be2 b4 19. Bf3 Qd8 20. g4 Qe7 21. gxh5 gxh5 22. Rxh5 O-O-O 23. Rxh8 Rxh8 24. cxb4 axb4 25. Be3 Rd8 26. d5 exd5 27. Bg4 Rd7 28. Bxd7 Kxd7 29. Bd4 b3 30. Rd1 Qb4 31. Kf1 Qe7 32. Qg4 Qe6 33. Qg3 Nxd4 34. Rxd4 b2 35. Rd1 Qf5 36. Qa3 b1Q 37. Qd6 Kc8 38. Qf8 Kc7 39. Qd6 Kc8 40. Qf8 Kd7 41. Qd6 Ke8  1/2-1/2

[Event "Cannes Open A"]
[Site "Cannes France"]
[EventDate "2007.02.18"]
[Date "2007.02.19"]
[Round "2"]
[White "THIRION, Marcel"]
[WhiteTitle "-"]
[WhiteElo "2171"]
[Black "LIBENS, Michel"]
[BlackTitle "-"]
[BlackElo "2104"]
[Result "1/2-1/2"]
[Source "MonRoi"]

1. e4 c5 2. Nf3 d6 3. d4 cxd4 4. Nxd4 Nf6 5. Nc3 Nc6 6. Bg5 e6 7. Qd2 Be7 8. O-O-O a6 9. f3 Bd7 10. h4 Qc7 11. Kb1 O-O-O 12. h5 Kb8 13. h6 g6 14. Nb3 Bc8 15. Qf4 Nh5 16. Qh4 f6 17. Be3 f5 18. Qf2 Rdf8 19. exf5 exf5 20. Nd5 Qd7 21. Na5 Bd8 22. Nc4 f4 23. Ncb6 Qf7 24. Bd4 Nxd4 25. Qxd4 Ng3 26. Nxc8 Kxc8 27. Bc4 Kb8 28. Rhe1 g5 29. Nc3 Qf6 30. Qxd6 Bc7 31. Qxf6 Rxf6 32. Nd5 Rc6 33. Bb3 Bd8  1/2-1/2